书目信息 |
| 题名: |
王夫之《楚辞通释》研究
|
|
| 作者: | 丁海玲, 著 | |
| 分册: | ||
| 出版信息: | 天津 南开大学出版社 2018 |
|
| 页数: | 215页 | |
| 开本: | 24cm | |
| 丛书名: | ||
| 单 册: | ||
| 中图分类: | I207.223 | |
| 科图分类: | ||
| 主题词: | 古典诗歌--gu dian shi ge--研究--中国--战国时代 | |
| 电子资源: | ||
| ISBN: | 978-7-310-05559-3 | |
| 000 | 01168cam0 2200289 450 | |
| 001 | 012001008214 | |
| 005 | 20131022115136.0 | |
| 010 | @a978-7-310-05559-3@dCNY45.00 | |
| 099 | @aCAL 012018094873 | |
| 100 | @a20180606d2018 em y0chiy50 ea | |
| 101 | 0 | @achi |
| 102 | @aCN@b120000 | |
| 105 | @ay a 000yy | |
| 106 | @ar | |
| 200 | 1 | @a王夫之《楚辞通释》研究@Awang fu zhi 《 chu ci tong shi 》 yan jiu@f丁海玲著 |
| 210 | @a天津@c南开大学出版社@d2018 | |
| 215 | @a215页@d24cm | |
| 300 | @a包头师范学院汉语言文学专业综合改革建设成果 | |
| 314 | @a丁海玲, 先后于内蒙古师范大学文学院、北京科技大学文法学院、北京语言大学人文学院就读, 获文学学士、硕士、博士学位。 | |
| 320 | @a有书目 (第206-213页) | |
| 330 | @a本书以王夫之的《楚辞通释》为研究课题, 在前人研究成果基础上, 主要从具体论题入手, 运用细读文本、比较分析、综合分析的方法而展开研究, 以期从各个方面尽可能客观、系统、完整地全面阐释《楚辞通释》一书。 | |
| 605 | @a楚辞@AChu Ci@x文学研究 | |
| 606 | 0 | @a古典诗歌@Agu dian shi ge@x研究@y中国@z战国时代 |
| 690 | @aI207.223@v5 | |
| 701 | 0 | @a丁海玲,@Ading hai ling@f1974-@4著 |
| 801 | 2 | @aCN@b上海新华@c20191020 |
| 905 | @b1178120-3@dI207.223@e1204@f4 | |
| 王夫之《楚辞通释》研究/丁海玲著.-天津:南开大学出版社,2018 |
| 215页;24cm |
| 包头师范学院汉语言文学专业综合改革建设成果 |
| ISBN 978-7-310-05559-3:CNY45.00 |
| 本书以王夫之的《楚辞通释》为研究课题, 在前人研究成果基础上, 主要从具体论题入手, 运用细读文本、比较分析、综合分析的方法而展开研究, 以期从各个方面尽可能客观、系统、完整地全面阐释《楚辞通释》一书。 |
| ● |
| 相关链接 |
|
|
|
|
正题名:王夫之《楚辞通释》研究
索取号:I207.223/1204
 
预约/预借
| 序号 | 登录号 | 条形码 | 馆藏地/架位号 | 状态 | 备注 |
| 1 | 1178120 | 211781204 | 第一样本阅览室/ [索取号:I207.223/1204] | 在馆 | |
| 2 | 1178121 | 211781213 | 第二借阅区/ [索取号:I207.223/1204] | 在馆 | |
| 3 | 1178122 | 211781222 | 第二借阅区/ [索取号:I207.223/1204] | 在馆 | |
| 4 | 1178123 | 211781231 | 第二借阅区/ [索取号:I207.223/1204] | 在馆 |